00947cam a22002771 4500001001300000003000400013005001700017008004100034010001700075035002000092040001800112042001200130050001800142100003500160245003900195260001300234300002000247440004700267500008600314500006600400500006300466504004800529650003600577700002100613740003500634sa 68000938 DLC20260227112428.0890629m19541963ii b 000 0 sano  asa 68000938  a(OCoLC)19950457 aDLCcWaUdDLC apremarc00aZ7835.J2bM851 aMukhtar, Jugal Kishore,d1877-10aJainagranthapraśasti-saṅgraha. c1954-63. a2 v.c19-25 cm. 0aVir-Sewa Mandir granthmala,vno. 12 [etc.] aVol. 2, edited by Parmanand Jain, has added t. p.: Jain granth prashasti sangrah. aVol. 1 contains Sanskrit works and v. 2 Apabhraṃśa works. aIn Sanskrit; foreword, pref. in English; introd. in Hindi. aBibliography: vol. 2, p. 143-144 (3d group) 0aJaina literaturevBibliography.1 aJain, Parmanand.0 aJain granth prashasti sangrah.